Datum a čas kvízu

29 Celkem bodů Celkový počet nahraných bodů na tomto kvízu bez doplňovacích otázek.
7. Pořadí na kvízu Konečné umístění týmu na tomto kvízu.

Zaznamenané odpovědi

# Otázka Odpověď Body Výsledky
1. Premiér Babiš minulý týden ozn... Karel Havlíček, Vladimír Kremlík 0
2. Vítězem úterních parlamentních... Likud 1
3. Deset koncertů a dost! Jak se... Spirituál kvintet 0
4. Strakonická firma, specializuj... Moira 1
5. Jedničkou výběru kapitána Petr... Lucie Šafářová 0
6. V tomto tématu se podíváme na... Všechno bude, Zelená kniha 1
5. V českém prostředí jsou v dneš... v Indii 0
8. Komediální road movie Pařba ve... Vo štvorici po opici 0
5. Jak se jmenuje komediální road... Blbý a blbější 1
10. Jistou formou road movies jsou... v Argentině 0